000 00415nam a2200169Ia 4500
008 230711s9999||||xx |||||||||||||| ||und||
020 _a978-81-7700-031-3
041 _aENG
082 _a620.3
_bSI-M
100 _aSingh.V.P
245 0 _aMechanical vibrations
250 _a3rd Ed.
260 _c2012
_aNew Delhi
_bDhanpat Rai & Co.(Pvt.)Ltd.
300 _a487
650 _aMechanical Engineering
942 _cBK
999 _c5187
_d5187